000 00328pab a2200145 454500
008 180718b1986 xxu||||| |||| 00| 0 eng d
100 _aMehra, Ajay K.
245 _aCollective violence and the police
260 _c1986
300 _a26,34
362 _a12 Apr.
650 _aPolice
773 _aMainstream
909 _a15097
999 _c15097
_d15097